000 00689nam a2200205Ia 4500
008 180523s9999 xx 000 0 und d
020 _a0-486-42221-6
050 _aMAIN PL 782.E3
050 _b.C53 2002
245 0 _aClassic haiku :
245 3 _ban anthology of poems by Basho and his followers /
245 0 _ctranslated and annotated by Asataro Miyamori.
260 _aNew York :
260 _bDover Publications,
260 _c2002
300 _a278 pages :
300 _c22 cm.
440 _a"... selected from An anthology of haiku, ancient and modern ... originally published by Maruzen ... in 1932."--Copyright page.
650 _aHaiku -- Translation into English.
999 _c357397
_d357397